000 00474nam a22001697a 4500
008 230316b |||||||| |||| 00| 0 eng d
040 _aNational Science Library
_cNational Science Library
080 _aD 54(091)
_bJ7
100 _aPartington, J R
_93334
245 _aShort history of chemistry
250 _a3rd ed.
260 _aLondon:
_bMacmillan & Co Ltd.,
_c1960
300 _aix, 415p.
650 _aChemistry
653 _aApplied chemistry
942 _2udc
_cBK
999 _c9995
_d9995